Prime Time in '89 - Friday and Saturday Quiz Stats

 Plays Quiz not verified by Sporcle

Score 0/25 Timer 06:00
0 Plays Today
% Correct
Full House
89.8%
Baywatch
80.9%
Family Matters
78.4%
Dallas
77%
Golden Girls
70.3%
Perfect Strangers
64.9%
20/20
63.7%
Amen
46.3%
ABC Mystery Movie
Columbo
Kojak
B.L. Stryker
Gideon Oliver
42.2%
Empty Nest
38.8%
227
38.4%
Falcon Crest
36.9%
Hunter
31.9%
% Correct
Mr. Belvedere
19.2%
Just The Ten Of Us
18.8%
Cops
14.5%
CBS Saturday Night
With Connie Chung
14.2%
Tour Of Duty
7.3%
Living Dolls
7.2%
Snoops
6.6%
Paradise
5.8%
Mancuso, F.B.I.
5.1%
Hardball
4.7%
Beyond Tomorrow
2.9%
The Reporters
2.4%

You're not logged in!

Compare scores with friends on all Sporcle quizzes.
OR
Log In

Show Comments

Extras

Top Quizzes Today


Score Distribution

Your Account Isn't Verified!

In order to create a playlist on Sporcle, you need to verify the email address you used during registration. Go to your Sporcle Settings to finish the process.

Report this User

Report this user for behavior that violates our Community Guidelines.

Details: